000 00360cam a2200157ua 4500
041 _aeng
_h
082 _a828.09
_bWAR/GI
100 _aWard, A C .
245 _aGissing /
_cA C Ward.
_hTextual Documents
250 _a1 /
_b.
260 _aLondon :
_bLongman Green and Co ,
_c1959.
300 _a43 ; .
504 _a
942 _cBK
999 _c8838
_d8838